000 00617nam a2200205Ia 4500
003 GCL
008 140319s9999 xx 000 0 ara d
040 _aGCL /
_cGCL
082 0 4 _a928.917
_bن ح
100 1 _aنهاد حسن الامام
245 1 0 _aالحرية عند الكسندر بوشكين مع الغجر وفى ليالى مصرية /
_cنهاد حسن الامام
300 _a94 ص
490 _a
650 0 4 _aالادب الروسى
650 0 4 _aالتراجم
650 0 4 _aالشعر
650 0 4 _aالشعر الروسى
650 0 4 _aبوشكين , الكسندر
942 _2ddc
_cBK
999 _c46220
_d46220